Theory and design for mechanical measurements / (Record no. 11380)

000 -LEADER
fixed length control field 00419cam a2200157 a 4500
020 ## - INTERNATIONAL STANDARD BOOK NUMBER
ISBN 0471619949 (cloth)
040 ## - CATALOGING SOURCE
Transcribing agency DLC
082 00 - DEWEY DECIMAL CLASSIFICATION NUMBER
Classification number 681 WIL 1991 A036 Or.
100 1# - MAIN ENTRY--AUTHOR NAME
Personal name Figliola, R. S.
245 10 - TITLE STATEMENT
Title Theory and design for mechanical measurements /
260 ## - PUBLICATION, DISTRIBUTION, ETC. (IMPRINT)
Place of publication New York :
Name of publisher J. Wiley,
Year of publication c1991.
300 ## - PHYSICAL DESCRIPTION
Number of Pages xii, 516 p. :
Other physical details ill. ;
Dimensions 26 cm.
650 #0 - SUBJECT ADDED ENTRY--TOPICAL TERM
Topical Term Measurement.
700 1# - ADDED ENTRY--PERSONAL NAME
Personal name Beasley, Donald E.
942 ## - ADDED ENTRY ELEMENTS (KOHA)
Koha item type សៀវភៅភាសាអង់គ្លេស
952 ## - LOCATION AND ITEM INFORMATION (KOHA)
Withdrawn status [LOCAL, KOHA] 0
Holdings
Permanent Location Date acquired Koha item type Lost status Shelving location Barcode Current Location Full call number
Library Block A2017-08-01សៀវភៅភាសាអង់គ្លេស A036A10826Library Block A681 WIL 1991 A036 Or.
មជ្ឈមណ្ឌលឯការនៃសាកលវិទ្យាល័យភូមិន្ទកសិកម្មចំការដូង

Powered by Koha